Los papeles de Alejo Fortique

Guardat en:
Dades bibliogràfiques
Autor principal: Rojas, Armando (Autor)
Format: Llibre
Idioma:espanyol
Publicat: Caracas Academia Nacional de la Historia 1997
Col·lecció:Biblioteca de la Academia Nacional de la Historia, 69
Matèries:
Etiquetes: Afegir etiqueta
Sense etiquetes, Sigues el primer a etiquetar aquest registre!

MARC

LEADER 00000nam a2200000 a 4500
001 UCQ6803
003 CL-VaPUC
008 981023e19970000VE |||||||||||||||||spa|d
082 0 4 |a 327.87  |b ROJ  |2 21 
100 0 |a Rojas, Armando  |e author  |9 420730 
245 1 4 |a Los papeles de Alejo Fortique 
300 |a 300 p 
942 |c BK 
945 |d 19981023 00:00:00  |a mvenant 
260 |a Caracas  |b Academia Nacional de la Historia  |c 1997 
650 0 |a Historia de Venezuela  |y Siglo 19  |9 352073 
650 7 |a EMBAJADORES  |2 CL-VaPUC  |9 401390 
650 7 |a CORRESPONDENCIAS  |2 CL-VaPUC  |9 256500 
650 0 |a Diplomacia  |9 256483 
650 0 |a Relaciones Exteriores  |9 255379 
651 0 |a Venezuela  |9 254993 
583 |a last modification  |c 20160829 11:43:16  |k Rodrigo Vera 
490 0 |a Biblioteca de la Academia Nacional de la Historia, 69 
999 |c 276712  |d 276710 
952 |0 0  |1 0  |4 0  |6 327_870000000000000_ROJ_1997  |7 0  |8 A  |9 314140  |a BIBHIS  |b BIBHIS  |d 2019-11-20  |i 3474453  |o 327.87 ROJ 1997  |p 3474453  |r 2025-01-20  |w 2019-11-20  |y BK  |k HIS